| 000 | 00444nam a2200181Ia 4500 | ||
|---|---|---|---|
| 008 | 210210b1946 xxu||||| |||| 00| 0 eng d | ||
| 041 | _aeng | ||
| 082 | _a826/171 | ||
| 100 | _aSAURAT (D) | ||
| 245 | _aModern french literature 1870-1940 | ||
| 260 |
_aLondon _bJ M Dent and Sons Ltd. _c1946 |
||
| 650 | _aModern | ||
| 650 | _aliterature | ||
| 650 | _afrench | ||
| 650 | _a1870-1940 | ||
| 690 | _aHistory of Literature | ||
| 906 | _a015718 | ||
| 999 |
_c135109 _d135109 |
||